AutoCAD và kỹ thuật lập trình ứng dụng; T1

Sách giới thiệu các thao tác cơ bản nhất trong việc sử dụng AutoCAD; đề cập đến việc giao tiếp bằng ngôn ngữ C trong AutoCAD. Ngoài ra, trong phần phụ lục, sách cũng giới thiệu mã và các thông tin cần thiết để tạo đối tượng, cùng cá thông...

Descripció completa

Guardat en:
Dades bibliogràfiques
Autor principal: Bành Tiến Long
Format: Llibre
Idioma:Undetermined
Publicat: Hà Nội KHKT 1998
Matèries:
Etiquetes: Afegir etiqueta
Sense etiquetes, Sigues el primer a etiquetar aquest registre!
Thư viện lưu trữ: Trung tâm Học liệu Trường Đại học Cần Thơ
LEADER 01058nam a2200205Ia 4500
001 CTU_31098
008 210402s9999 xx 000 0 und d
020 |b 24.000đ 
082 |a 620.00420285 
082 |b L431/T1 
100 |a Bành Tiến Long 
245 0 |a AutoCAD và kỹ thuật lập trình ứng dụng; T1 
245 0 |c Bành Tiến Long, Hoàng Vĩnh Sinh, Nguyễn Chí Quang 
260 |a Hà Nội 
260 |b KHKT 
260 |c 1998 
520 |a Sách giới thiệu các thao tác cơ bản nhất trong việc sử dụng AutoCAD; đề cập đến việc giao tiếp bằng ngôn ngữ C trong AutoCAD. Ngoài ra, trong phần phụ lục, sách cũng giới thiệu mã và các thông tin cần thiết để tạo đối tượng, cùng cá thông báo lỗi của AutoLISP 
650 |a autocad ( computer program language ),autocad ( computer-aided design ) 
904 |i Minh, 990608 
980 |a Trung tâm Học liệu Trường Đại học Cần Thơ